00233nam a22000977a 4500020001800000082001700018100001800035245003600053260003000089300001600119 a0-408-03561-7 a670.42 LOT'M aLOTTER, BRUNO aMANUFACTURING ASSEMBLY HANDBOOK aLONDONbBUTTERWORTHc1989 aXVIII, 395P